[Event "Youth Classic 2016 - Juniors Open U18"]
[Site "Hasselgrundhalle - Bad Soden a"]
[Date "2016.10.03"]
[Round "5.1"]
[White "Lange, Lars"]
[Black "Neukirchner, Pascal"]
[Result "1/2-1/2"]
[WhiteElo "1731"]
[BlackElo "2082"]
[PlyCount "169"]
[EventDate "2016.??.??"]
[WhiteTeam "Sfr. Kelkheim"]
[BlackTeam "SK Gründau"]

1. d4 Nf6 2. c4 e6 3. Nf3 b6 4. a3 Bb7 5. Nc3 d5 6. Bg5 Be7 7. e3 Nbd7 8. Rc1
Rc8 9. cxd5 Nxd5 10. Bxe7 Qxe7 11. Nxd5 exd5 12. Be2 O-O 13. O-O c6 14. Qa4 Rc7
15. b4 Rfc8 16. Rc3 b5 17. Qb3 Nb6 18. Nd2 Ra8 19. Rb1 a5 20. bxa5 Rxa5 21. Qb4
Qxb4 22. Rxb4 Nc4 23. Bxc4 bxc4 24. Kf1 Rb5 25. Rxb5 cxb5 26. Ke1 Kf8 27. Kd1
Ke7 28. Nb3 Bc8 29. Nc5 Rc6 30. Rc2 Rh6 31. h3 Rg6 32. f3 Kd6 33. Kc1 Kc6 34.
Kb2 Rg3 35. Kc3 Bxh3 36. gxh3 Rxf3 37. Kb4 Rxe3 38. Rf2 Rxh3 39. Rxf7 Rg3 40.
a4 bxa4 41. Kxa4 h5 42. Ne6 g5 43. Rh7 h4 44. Rh5 h3 45. Nxg5 h2 46. Rh6+ Kd7
47. Rxh2 Rxg5 48. Kb5 Ke6 49. Kc5 Rf5 50. Re2+ Kf6 51. Rg2 Rg5 52. Rf2+ Ke6 53.
Re2+ Kf6 54. Rf2+ Kg6 55. Rf3 Rf5 56. Rg3+ Kh5 57. Rg2 Rg5 58. Rf2 Kg4 59. Rf7
Rf5 60. Rg7+ Kf3 61. Rh7 Ke4 62. Rh4+ Rf4 63. Rh3 Rf5 64. Rh4+ Kd3 65. Rh3+ Kc2
66. Kb4 Rf8 67. Rg3 Kd2 68. Rh3 Re8 69. Rg3 Re3 70. Rg5 c3 71. Rxd5 c2 72. Rc5
c1=Q 73. Rxc1 Kxc1 74. d5 Kd2 75. Kc5 Rc3+ 76. Kb6 Rb3+ 77. Kc7 Rc3+ 78. Kb7
Rd3 79. Kc6 Re3 80. d6 Rc3+ 81. Kb7 Rb3+ 82. Kc8 Rc3+ 83. Kb8 Rd3 84. Kc7 Rxd6
85. Kxd6 1/2-1/2

[Event "Youth Classic 2016 - Juniors Open U18"]
[Site "Hasselgrundhalle - Bad Soden a"]
[Date "2016.10.03"]
[Round "5.2"]
[White "Everett, Elijah"]
[Black "Stobbe, Frederik"]
[Result "1-0"]
[WhiteElo "2053"]
[BlackElo "1682"]
[PlyCount "45"]
[EventDate "2016.??.??"]
[WhiteTeam "SF Schöneck"]
[BlackTeam "SC Bad Soden"]

1. e4 c5 2. Nf3 e6 3. d4 cxd4 4. Nxd4 Nf6 5. Nc3 Nc6 6. Ndb5 Bb4 7. a3 Bxc3+ 8.
Nxc3 d5 9. exd5 exd5 10. Bd3 d4 11. Ne4 O-O 12. Bg5 Ne5 13. O-O Bg4 14. Bxf6
gxf6 15. Qd2 Kh8 16. Qh6 Ng6 17. h4 Rg8 18. h5 Bxh5 19. Qxh5 Nf4 20. Qf5 Rxg2+
21. Kh1 Qg8 22. Qxf4 Rg4 23. Qxf6+ 1-0

[Event "Youth Classic 2016 - Juniors Open U18"]
[Site "Hasselgrundhalle - Bad Soden a"]
[Date "2016.10.03"]
[Round "5.3"]
[White "Schwarz, Matthias"]
[Black "Diener, Carolin Valeria"]
[Result "0-1"]
[WhiteElo "1609"]
[BlackElo "1692"]
[PlyCount "48"]
[EventDate "2016.??.??"]
[WhiteTeam "SG Idstein"]
[BlackTeam "SK Bad Homburg"]

1. e4 e5 2. Nf3 Nc6 3. Bc4 Bc5 4. b4 Bxb4 5. c3 Ba5 6. d4 exd4 7. O-O Nge7 8.
Ng5 Ne5 9. Qxd4 f6 10. Nf3 Nxf3+ 11. gxf3 Bb6 12. Qd2 d6 13. Re1 Bh3 14. a4 a6
15. Ba3 Nc6 16. Qd5 Qd7 17. Bb4 O-O-O 18. a5 Ba7 19. Na3 Ne5 20. Bxa6 c6 21.
Bxb7+ Qxb7 22. Qa2 Nxf3+ 23. Kh1 c5 24. Nc4 Qxe4 0-1

[Event "Youth Classic 2016 - Juniors Open U18"]
[Site "Hasselgrundhalle - Bad Soden a"]
[Date "2016.10.03"]
[Round "5.4"]
[White "Rittberger, Ruben"]
[Black "Pyshny, Anton"]
[Result "1/2-1/2"]
[WhiteElo "1522"]
[BlackElo "1530"]
[PlyCount "116"]
[EventDate "2016.??.??"]
[WhiteTeam "SC Bad Soden"]
[BlackTeam "SC Eschborn"]

1. e4 e5 2. Nf3 Nc6 3. Bb5 a6 4. Bxc6 dxc6 5. O-O Bd6 6. Nc3 Nf6 7. d3 O-O 8.
Bg5 h6 9. Bh4 Bg4 10. Qe2 Be7 11. Rad1 Nh7 12. Bxe7 Qxe7 13. h3 Bh5 14. g4 Bg6
15. d4 exd4 16. Rxd4 Rfd8 17. Rfd1 Rxd4 18. Rxd4 Nf8 19. Qe3 Rd8 20. Rxd8 Qxd8
21. Ne5 Bh7 22. f4 Ne6 23. Nf3 Qd6 24. e5 Qc5 25. Qxc5 Nxc5 26. f5 g6 27. fxg6
Bxg6 28. Nd4 Kf8 29. Kf2 Ne4+ 30. Nxe4 Bxe4 31. c3 Bg6 32. Kg3 h5 33. Kf4 hxg4
34. hxg4 Bd3 35. Kg5 Ke7 36. Kh6 c5 37. Nf5+ Ke6 38. Kg7 Bxf5 39. gxf5+ Kxf5
40. Kxf7 Kxe5 41. Ke7 Kd5 42. Kd7 c6 43. Kc7 b5 44. Kb6 Kd6 45. Kxa6 Kc7 46.
Ka7 c4 47. Ka6 Kd7 48. Kb7 Kd6 49. Kb6 Kd5 50. a3 Kd6 51. Ka5 Kc7 52. Kb4 Kb6
53. a4 c5+ 54. Ka3 bxa4 55. Kxa4 Ka6 56. b3 cxb3 57. Kxb3 Kb5 58. c4+ Kb6
1/2-1/2

[Event "Youth Classic 2016 - Juniors Open U18"]
[Site "Hasselgrundhalle - Bad Soden a"]
[Date "2016.10.03"]
[Round "5.6"]
[White "Scheithauer, Dominik"]
[Black "Jakesevic, Ivan"]
[Result "0-1"]
[WhiteElo "1153"]
[BlackElo "1633"]
[PlyCount "103"]
[EventDate "2016.??.??"]
[WhiteTeam "Sfr. Kelkheim"]
[BlackTeam "FC Bierstadt"]

1. d4 Nf6 2. c4 d6 3. Nc3 g6 4. e4 Bg7 5. Be2 O-O 6. Be3 c6 7. Qc2 Bg4 8. f3
Bc8 9. O-O-O Nbd7 10. g4 e5 11. d5 c5 12. h4 Nb6 13. h5 gxh5 14. gxh5 h6 15.
Qd2 Kh7 16. Bd3 Rg8 17. Nh3 Bxh3 18. Rxh3 Nbd7 19. Rg1 Qf8 20. f4 exf4 21. Bxf4
Ne5 22. Bxe5 dxe5 23. Bc2 Rd8 24. Ne2 Ne8 25. Qa5 Ra8 26. Rg2 b6 27. Qc3 Nd6
28. Ng3 Bf6 29. Kb1 Qe7 30. b3 Rg7 31. Nf5 Nxf5 32. Rxg7+ Nxg7 33. Bd1 Bg5 34.
Bg4 Rf8 35. Qd3 Ne8 36. Rf3 Nd6 37. Kc2 Bf4 38. Rh3 Qg5 39. Qe2 f5 40. Bf3 fxe4
41. Bxe4+ Nxe4 42. Qxe4+ Qf5 43. Qd3 e4 44. Qf1 e3+ 45. Qd3 Qxd3+ 46. Kxd3 Re8
47. Ke2 Kg7 48. Rh1 Rf8 49. Rg1+ Bg5 50. Rd1 Rf2+ 51. Ke1 Bh4 52. Rc1 0-1

[Event "Youth Classic 2016 - Juniors Open U18"]
[Site "Hasselgrundhalle - Bad Soden a"]
[Date "2016.10.03"]
[Round "5.7"]
[White "Müller, Melissa-Zoé"]
[Black "Dolaberidze, Nico"]
[Result "0-1"]
[WhiteElo "753"]
[BlackElo "1454"]
[PlyCount "42"]
[EventDate "2016.??.??"]
[WhiteTeam "SC Landskrone"]
[BlackTeam "SV Neu-Isenburg"]

1. e4 e5 2. Nf3 Nc6 3. Bc4 Nf6 4. Nc3 Bb4 5. a3 Ba5 6. d3 h6 7. Bd2 d6 8. O-O
Bg4 9. h3 Bh5 10. b4 Bb6 11. Qe2 Nd4 12. Bb5+ c6 13. Qd1 Nxf3+ 14. Kh1 Nd4 15.
Qe1 cxb5 16. Qc1 O-O 17. Be3 Qc7 18. Bd2 Qd7 19. a4 Bf3 20. gxf3 Qxh3+ 21. Kg1
Nxf3# 0-1

[Event "Youth Classic 2016 - Juniors Open U18"]
[Site "Hasselgrundhalle - Bad Soden a"]
[Date "2016.10.03"]
[Round "6.1"]
[White "Neukirchner, Pascal"]
[Black "Diener, Carolin Valeria"]
[Result "1-0"]
[WhiteElo "2082"]
[BlackElo "1692"]
[PlyCount "118"]
[EventDate "2016.??.??"]
[WhiteTeam "SK Gründau"]
[BlackTeam "SK Bad Homburg"]

1. e4 e5 2. d4 d6 3. Bc4 Nc6 4. Nf3 Be7 5. h3 Nf6 6. Nc3 O-O 7. O-O a6 8. a4 h6
9. Re1 Re8 10. d5 Nb8 11. Be3 Nh7 12. Bd3 Ng5 13. Nxg5 Bxg5 14. Qd2 Bxe3 15.
Rxe3 Nd7 16. Rg3 Kh8 17. Be2 Rf8 18. Ra3 a5 19. f4 exf4 20. Qxf4 Qf6 21. Qxf6
Nxf6 22. Re3 Bd7 23. Rb3 b6 24. Bb5 Rfe8 25. Bxd7 Nxd7 26. Nb5 Rac8 27. Rf3 f6
28. Rbe3 Nc5 29. b3 Na6 30. h4 Nb4 31. c3 Na6 32. Rf4 Nc5 33. b4 Nb7 34. g4 Re7
35. g5 fxg5 36. hxg5 h5 37. g6 Kg8 38. Ref3 Rce8 39. Rf7 Nd8 40. Rxe7 Rxe7 41.
Rf4 Rd7 42. Kf2 c6 43. Nd4 axb4 44. cxb4 c5 45. bxc5 bxc5 46. Nb5 Nb7 47. Ke3
Na5 48. Kd3 Nb7 49. Rh4 Na5 50. Rxh5 Nb7 51. Rf5 Na5 52. Rf4 Nb7 53. Na3 Na5
54. Nc4 Nb3 55. Rf1 Nd4 56. Rb1 Kf8 57. a5 Ke7 58. a6 Kf6 59. Rb7 Rd8 1-0

[Event "Youth Classic 2016 - Juniors Open U18"]
[Site "Hasselgrundhalle - Bad Soden a"]
[Date "2016.10.03"]
[Round "6.2"]
[White "Everett, Elijah"]
[Black "Lange, Lars"]
[Result "1-0"]
[WhiteElo "2053"]
[BlackElo "1731"]
[PlyCount "51"]
[EventDate "2016.??.??"]
[WhiteTeam "SF Schöneck"]
[BlackTeam "Sfr. Kelkheim"]

1. e4 e6 2. d4 d5 3. Nc3 Nf6 4. e5 Nfd7 5. f4 a6 6. Nf3 c5 7. Be3 Nc6 8. Qd2
Be7 9. dxc5 Nxc5 10. O-O-O O-O 11. Qf2 Qa5 12. Kb1 Nd7 13. Bd3 h6 14. g4 f6 15.
exf6 Nxf6 16. Rdg1 e5 17. fxe5 Ne4 18. Nxe4 dxe4 19. Bxe4 Nxe5 20. Bd4 Nxf3 21.
Bxf3 Bf6 22. Rf1 Qb4 23. Bd5+ Kh8 24. g5 hxg5 25. Qe2 g4 26. h3 1-0

[Event "Youth Classic 2016 - Juniors Open U18"]
[Site "Hasselgrundhalle - Bad Soden a"]
[Date "2016.10.03"]
[Round "6.3"]
[White "Stobbe, Frederik"]
[Black "Deppe, Leo Max"]
[Result "1-0"]
[WhiteElo "1682"]
[BlackElo "1762"]
[PlyCount "73"]
[EventDate "2016.??.??"]
[WhiteTeam "SC Bad Soden"]
[BlackTeam "SC Bad Soden"]

1. e4 d5 2. exd5 Nf6 3. d4 Bg4 4. Be2 Bxe2 5. Qxe2 Qxd5 6. Nf3 e6 7. O-O Bd6 8.
c4 Qh5 9. Nc3 c6 10. b3 O-O 11. Bb2 Nbd7 12. Rad1 Rfe8 13. Qc2 Rad8 14. Rfe1
Nf8 15. Ne5 Ng6 16. Qe2 Qxe2 17. Nxe2 Bb4 18. Bc3 Bxc3 19. Nxc3 Rd6 20. c5 Rdd8
21. Nc4 Re7 22. Nd6 Ne8 23. Nce4 Nxd6 24. Nxd6 Red7 25. f3 Ne7 26. Kf2 Nf5 27.
Nxf5 exf5 28. Rd3 g6 29. Red1 Kg7 30. a4 a5 31. R1d2 Kf6 32. Ke1 Kg5 33. Kd1
Kf6 34. Kc2 Ke6 35. Kc3 Kd5 36. Re2 f6 37. Rde3 1-0

[Event "Youth Classic 2016 - Juniors Open U18"]
[Site "Hasselgrundhalle - Bad Soden a"]
[Date "2016.10.03"]
[Round "6.4"]
[White "Jakesevic, Ivan"]
[Black "Pyshny, Anton"]
[Result "1-0"]
[WhiteElo "1633"]
[BlackElo "1530"]
[PlyCount "117"]
[EventDate "2016.??.??"]
[WhiteTeam "FC Bierstadt"]
[BlackTeam "SC Eschborn"]

1. c4 e5 2. Nc3 Nf6 3. Nf3 d6 4. e3 Be7 5. d4 exd4 6. Nxd4 O-O 7. h3 Bd7 8. Bd3
Nc6 9. O-O Nxd4 10. exd4 Re8 11. Re1 Qc8 12. Qf3 Bc6 13. d5 Bd7 14. Bg5 h6 15.
Bh4 Qd8 16. Re2 Bf8 17. Rxe8 Bxe8 18. Bxf6 Qxf6 19. Qxf6 gxf6 20. Bf5 Rd8 21.
Re1 Bd7 22. Bxd7 Rxd7 23. f4 f5 24. b3 a6 25. Nd1 Re7 26. Rxe7 Bxe7 27. Ne3 Kh7
28. Nxf5 Bf6 29. g4 Kg6 30. Kg2 Bc3 31. Kf3 b6 32. a4 a5 33. Ke4 Be1 34. Nd4
Bh4 35. f5+ Kg7 36. Nf3 Bf2 37. Kf4 f6 38. Nd2 Be1 39. Ne4 Bh4 40. Nc3 Bf2 41.
Nb5 Bc5 42. Nxc7 Kf7 43. Ne6 Ke7 44. Nxc5 bxc5 45. h4 Kf7 46. g5 h5 47. Kg3 Kg7
48. gxf6+ Kf7 49. Kf3 Kxf6 50. Kf4 Kg7 51. Kg5 Kf7 52. Kxh5 Kf6 53. Kg4 Kg7 54.
Kg5 Kf7 55. f6 Kf8 56. Kg6 Kg8 57. h5 Kf8 58. f7 Ke7 59. Kg7 1-0

[Event "Youth Classic 2016 - Juniors Open U18"]
[Site "Hasselgrundhalle - Bad Soden a"]
[Date "2016.10.03"]
[Round "6.5"]
[White "Dolaberidze, Nico"]
[Black "Rittberger, Ruben"]
[Result "1-0"]
[WhiteElo "1454"]
[BlackElo "1522"]
[PlyCount "111"]
[EventDate "2016.??.??"]
[WhiteTeam "SV Neu-Isenburg"]
[BlackTeam "SC Bad Soden"]

1. e4 e5 2. Nf3 Nc6 3. Bc4 Nf6 4. Ng5 d5 5. exd5 Na5 6. Bb5+ c6 7. dxc6 bxc6 8.
Ba4 Ng4 9. d3 Qd4 10. Bxc6+ Nxc6 11. Qf3 Qd7 12. O-O Nf6 13. c3 h6 14. Ne4 Nxe4
15. Qxe4 Bd6 16. f4 O-O 17. fxe5 Bxe5 18. d4 Bf6 19. Bf4 Qe6 20. Qf3 Qd7 21.
Nd2 Ba6 22. Rfe1 Rfe8 23. Nb3 Rxe1+ 24. Rxe1 Re8 25. Rxe8+ Qxe8 26. h3 Bc4 27.
Kh2 Ne7 28. Bxh6 gxh6 29. Qxf6 Ng6 30. Qf3 a6 31. Qb7 Qe2 32. Nc5 Kg7 33. b3
Bd3 34. a4 Nf4 35. Qf3 Qxf3 36. gxf3 Kg6 37. c4 Bc2 38. a5 Ne2 39. d5 Kf6 40.
Kg2 Nd4 41. b4 Bb3 42. Ne4+ Ke7 43. d6+ Kd7 44. c5 Ba4 45. Nf6+ Ke6 46. Ne4 Nc2
47. Nc3 Bb3 48. b5 axb5 49. Nxb5 Bc4 50. Nc7+ Kd7 51. a6 Bxa6 52. Nxa6 Nd4 53.
Kg3 Ne6 54. Kg4 Ng7 55. Nb8+ Kc8 56. d7+ 1-0

[Event "Youth Classic 2016 - Juniors Open U18"]
[Site "Hasselgrundhalle - Bad Soden a"]
[Date "2016.10.03"]
[Round "6.6"]
[White "Schwarz, Matthias"]
[Black "Müller, Melissa-Zoé"]
[Result "1-0"]
[WhiteElo "1609"]
[BlackElo "753"]
[PlyCount "79"]
[EventDate "2016.??.??"]
[WhiteTeam "SG Idstein"]
[BlackTeam "SC Landskrone"]

1. e4 e5 2. Nf3 Nc6 3. Bc4 Bc5 4. b4 Bxb4 5. c3 Bc5 6. d4 Bd6 7. O-O Nf6 8.
dxe5 Bxe5 9. Ba3 d6 10. Ng5 Qe7 11. f4 Bg4 12. Qb3 Be2 13. Bxe2 h6 14. fxe5
Nxe5 15. Nf3 Nxe4 16. Nxe5 Qxe5 17. Qxf7+ Kd8 18. Bg4 Qe8 19. Qxe8+ Rxe8 20.
Bf3 Ng5 21. Nd2 c5 22. Bh5 Re7 23. Rf8+ Kd7 24. Rxa8 a6 25. Bg4+ Kc7 26. Rc8+
Kb6 27. Nc4+ Kb5 28. Nxd6+ Kb6 29. Bxc5+ Ka5 30. Nc4+ Kb5 31. Na3+ Ka4 32. Bd1+
Ka5 33. Bb4+ Kb6 34. Bxe7 Ne6 35. Rb1+ Ka7 36. Bh4 Nc7 37. Bf2+ b6 38. Rxc7+
Kb8 39. Bxb6 Ka8 40. Bf3+ 1-0

[Event "Youth Classic 2016 - Juniors Open U18"]
[Site "Hasselgrundhalle - Bad Soden a"]
[Date "2016.10.03"]
[Round "7.1"]
[White "Neukirchner, Pascal"]
[Black "Schwarz, Matthias"]
[Result "1-0"]
[WhiteElo "2082"]
[BlackElo "1609"]
[PlyCount "81"]
[EventDate "2016.??.??"]
[WhiteTeam "SK Gründau"]
[BlackTeam "SG Idstein"]

1. d4 Nf6 2. c4 e6 3. Nc3 Bb4 4. e3 d5 5. Nge2 O-O 6. a3 Bxc3+ 7. Nxc3 c6 8.
cxd5 cxd5 9. Bd3 b6 10. O-O Ba6 11. Bxa6 Nxa6 12. Qd3 Nc7 13. Bd2 a6 14. Rfc1
b5 15. Rc2 Qd7 16. f3 Rfc8 17. Rac1 Nce8 18. Na2 Nd6 19. b3 a5 20. Rxc8+ Nxc8
21. Rc5 Nd6 22. Nc3 a4 23. Nxb5 axb3 24. Nxd6 Qxd6 25. Qxb3 Qd7 26. Bb4 Rc8 27.
Qc2 Rxc5 28. Qxc5 h6 29. h3 Qb7 30. Qf8+ Kh7 31. Qe7 Qxe7 32. Bxe7 Nd7 33. a4
Nb8 34. Bd6 Na6 35. Kf2 Kg6 36. Ke2 f5 37. Kd3 Kf7 38. h4 h5 39. e4 g6 40. Ke3
Ke8 41. Kf4 1-0

[Event "Youth Classic 2016 - Juniors Open U18"]
[Site "Hasselgrundhalle - Bad Soden a"]
[Date "2016.10.03"]
[Round "7.2"]
[White "Jakesevic, Ivan"]
[Black "Everett, Elijah"]
[Result "0-1"]
[WhiteElo "1633"]
[BlackElo "2053"]
[PlyCount "66"]
[EventDate "2016.??.??"]
[WhiteTeam "FC Bierstadt"]
[BlackTeam "SF Schöneck"]

1. c4 Nf6 2. d4 g6 3. Nf3 Bg7 4. Nc3 O-O 5. e3 d6 6. Bd3 c5 7. O-O Bg4 8. h3
Bxf3 9. Qxf3 Nc6 10. d5 Ne5 11. Qe2 Nxd3 12. Qxd3 Nd7 13. Bd2 Qb6 14. Rab1 f5
15. Qc2 Rae8 16. Ne2 Bh6 17. Bc3 Qa6 18. b3 b5 19. Rfd1 bxc4 20. bxc4 Qxc4 21.
Rb7 Nb6 22. Rxa7 Nxd5 23. Ra4 Nb4 24. Qb3 Qxb3 25. axb3 Nc6 26. Rb1 Rb8 27. Ra6
Nb4 28. Ra7 Kf7 29. Ra4 Nd5 30. Kf1 Rb7 31. Ra2 Rfb8 32. Rab2 Nxc3 33. Nxc3 Bg7
0-1

[Event "Youth Classic 2016 - Juniors Open U18"]
[Site "Hasselgrundhalle - Bad Soden a"]
[Date "2016.10.03"]
[Round "7.3"]
[White "Lange, Lars"]
[Black "Stobbe, Frederik"]
[Result "1/2-1/2"]
[WhiteElo "1731"]
[BlackElo "1682"]
[PlyCount "57"]
[EventDate "2016.??.??"]
[WhiteTeam "Sfr. Kelkheim"]
[BlackTeam "SC Bad Soden"]

1. d4 d5 2. c4 e6 3. Nc3 Be7 4. Nf3 Nf6 5. Bg5 O-O 6. e3 h6 7. Bh4 c6 8. Rc1
Nbd7 9. Bd3 dxc4 10. Bxc4 b5 11. Be2 a6 12. O-O Bb7 13. Qc2 Rc8 14. Rfd1 Qb6
15. Qb1 c5 16. Rd2 c4 17. Rdc2 Rfe8 18. b3 cxb3 19. Qxb3 b4 20. Na4 Rxc2 21.
Rxc2 Qa5 22. Bxf6 Nxf6 23. Nc5 Be4 24. Nxe4 Nxe4 25. Nd2 Nxd2 26. Rxd2 Rc8 27.
Rc2 Rc3 28. Rxc3 bxc3 29. Qc2 1/2-1/2

[Event "Youth Classic 2016 - Juniors Open U18"]
[Site "Hasselgrundhalle - Bad Soden a"]
[Date "2016.10.03"]
[Round "7.4"]
[White "Pyshny, Anton"]
[Black "Dolaberidze, Nico"]
[Result "1-0"]
[WhiteElo "1530"]
[BlackElo "1454"]
[PlyCount "117"]
[EventDate "2016.??.??"]
[WhiteTeam "SC Eschborn"]
[BlackTeam "SV Neu-Isenburg"]

1. e4 e5 2. Nf3 Nc6 3. Bc4 Nf6 4. Ng5 d5 5. exd5 Nxd5 6. Qf3 Be6 7. Nxe6 fxe6
8. O-O Qd7 9. Nc3 Nb6 10. Bb5 Nd5 11. Bxc6 Qxc6 12. Qh5+ Kd7 13. Qxe5 Rd8 14.
Nxd5 Qxd5 15. Qxd5+ exd5 16. d3 Bd6 17. Bg5 Rde8 18. Rae1 h6 19. Bd2 Rhg8 20.
Rxe8 Rxe8 21. Re1 Rg8 22. g4 Rh8 23. h4 h5 24. g5 g6 25. Bc3 Rf8 26. Bf6 Rf7
27. Kg2 Bc5 28. b3 c6 29. c4 dxc4 30. dxc4 Rf8 31. Rd1+ Kc7 32. Rd3 Bd6 33. Rf3
a6 34. Be5 Rxf3 35. Bxd6+ Kxd6 36. Kxf3 Ke7 37. Kf4 Kd6 38. Ke4 b6 39. b4 c5
40. a3 cxb4 41. axb4 a5 42. bxa5 bxa5 43. Kd4 a4 44. f4 Ke6 45. c5 a3 46. Kc3
Kd7 47. Kb3 Kc6 48. f5 gxf5 49. g6 f4 50. g7 a2 51. Kxa2 Kxc5 52. g8=Q Kd4 53.
Qg1+ Ke4 54. Qf2 Kf5 55. Qf3 Ke5 56. Qxh5+ Ke4 57. Qe2+ Kd4 58. Qf3 Ke5 59. h5
1-0

[Event "Youth Classic 2016 - Juniors Open U18"]
[Site "Hasselgrundhalle - Bad Soden a"]
[Date "2016.10.03"]
[Round "7.6"]
[White "Rittberger, Ruben"]
[Black "Scheithauer, Dominik"]
[Result "1/2-1/2"]
[WhiteElo "1522"]
[BlackElo "1153"]
[PlyCount "52"]
[EventDate "2016.??.??"]
[WhiteTeam "SC Bad Soden"]
[BlackTeam "Sfr. Kelkheim"]

1. e4 c5 2. Nf3 d6 3. Nc3 Nf6 4. Bc4 Nc6 5. O-O Bg4 6. h3 Bh5 7. Bb5 a6 8.
Bxc6+ bxc6 9. d3 e6 10. Bg5 Be7 11. Re1 d5 12. e5 Nd7 13. Bxe7 Qxe7 14. Qe2 O-O
15. Rad1 Rfc8 16. Nb1 a5 17. Nbd2 Rcb8 18. Rb1 a4 19. Qe3 h6 20. d4 cxd4 21.
Nxd4 Rc8 22. Qg3 Bg6 23. Rbc1 Rab8 24. b3 axb3 25. cxb3 c5 26. N4f3 Bd3 1/2-1/2

[Event "Youth Classic 2016 - Juniors Open U18"]
[Site "Hasselgrundhalle - Bad Soden a"]
[Date "2016.10.03"]
[Round "7.7"]
[White "Deppe, Leo Max"]
[Black "Müller, Melissa-Zoé"]
[Result "1-0"]
[WhiteElo "1762"]
[BlackElo "753"]
[PlyCount "41"]
[EventDate "2016.??.??"]
[WhiteTeam "SC Bad Soden"]
[BlackTeam "SC Landskrone"]

1. a3 d5 2. Nf3 Nc6 3. d4 Bf5 4. Bf4 e6 5. e3 Nf6 6. c4 dxc4 7. Bxc4 Bd6 8. Ne5
Bxe5 9. Bxe5 O-O 10. Bg3 Bxb1 11. Rxb1 Ne4 12. Bd3 Nxg3 13. hxg3 e5 14. Bxh7+
Kh8 15. Bg6+ Kg8 16. Bh7+ Kh8 17. Qh5 g6 18. Qh6 exd4 19. e4 Ne5 20. Bg8+ Kxg8
21. Qh7# 1-0

[Event "Youth Classic 2016 - Juniors Open U18"]
[Site "Hasselgrundhalle - Bad Soden a"]
[Date "2016.10.03"]
[Round "8.1"]
[White "Deppe, Leo Max"]
[Black "Neukirchner, Pascal"]
[Result "0-1"]
[WhiteElo "1762"]
[BlackElo "2082"]
[PlyCount "44"]
[EventDate "2016.??.??"]
[WhiteTeam "SC Bad Soden"]
[BlackTeam "SK Gründau"]

1. d4 Nf6 2. c4 e6 3. Nc3 Bb4 4. e3 O-O 5. Bd3 c5 6. Nge2 d5 7. O-O Nc6 8. a3
Bxc3 9. bxc3 Qc7 10. Bb2 Rd8 11. Rc1 b6 12. cxd5 exd5 13. c4 dxc4 14. Bxc4 Bb7
15. d5 Ne5 16. Ng3 Bxd5 17. Bxd5 Rxd5 18. Qe2 Rad8 19. Rfd1 Qd7 20. Rxd5 Qxd5
21. f4 Nd3 22. Rd1 Nxf4 0-1

[Event "Youth Classic 2016 - Juniors Open U18"]
[Site "Hasselgrundhalle - Bad Soden a"]
[Date "2016.10.03"]
[Round "8.2"]
[White "Dolaberidze, Nico"]
[Black "Everett, Elijah"]
[Result "0-1"]
[WhiteElo "1454"]
[BlackElo "2053"]
[PlyCount "86"]
[EventDate "2016.??.??"]
[WhiteTeam "SV Neu-Isenburg"]
[BlackTeam "SF Schöneck"]

1. e4 b6 2. d4 Bb7 3. Nc3 e6 4. a3 Nf6 5. Bg5 Be7 6. Bd3 d5 7. e5 Ne4 8. Bxe7
Qxe7 9. Nf3 Nxc3 10. bxc3 O-O 11. O-O Nc6 12. Qe2 Na5 13. Nd2 c5 14. Qg4 c4 15.
Be2 Bc6 16. f4 Ba4 17. Bd1 f5 18. Qf3 Nc6 19. Qe3 a5 20. Qf2 b5 21. Nf3 b4 22.
cxb4 axb4 23. axb4 c3 24. Rc1 Qxb4 25. Be2 Rfb8 26. Bd3 Rb7 27. h3 Bb5 28. Qe3
Bxd3 29. Qxd3 Ra2 30. Rfd1 Rb6 31. Qe3 Na5 32. Qf2 Nc4 33. Ng5 h6 34. Nf3 Nb2
35. Re1 Nd3 36. Qe2 Nxc1 37. Rxc1 Qb2 38. Qd1 Rba6 39. Ne1 Ra1 40. Nd3 Rxc1 41.
Nxc1 Ra1 42. Qh5 Qxc1+ 43. Kh2 Qxf4+ 0-1

[Event "Youth Classic 2016 - Juniors Open U18"]
[Site "Hasselgrundhalle - Bad Soden a"]
[Date "2016.10.03"]
[Round "8.3"]
[White "Stobbe, Frederik"]
[Black "Pyshny, Anton"]
[Result "1/2-1/2"]
[WhiteElo "1682"]
[BlackElo "1530"]
[PlyCount "122"]
[EventDate "2016.??.??"]
[WhiteTeam "SC Bad Soden"]
[BlackTeam "SC Eschborn"]

1. e4 e5 2. Nf3 Nc6 3. Bc4 Bc5 4. c3 Nf6 5. d4 exd4 6. cxd4 Bb4+ 7. Nc3 Nxe4 8.
O-O Nxc3 9. bxc3 Be7 10. d5 Na5 11. Bd3 d6 12. Qa4+ Bd7 13. Qxa5 O-O 14. Bb2 c5
15. Qxd8 Bxd8 16. c4 Ba5 17. Rac1 a6 18. Bc3 Bxc3 19. Rxc3 b5 20. a3 b4 21.
axb4 cxb4 22. Rb3 a5 23. Ra1 Rfb8 24. Nd4 a4 25. Rbb1 b3 26. Nb5 Bxb5 27. cxb5
Rc8 28. b6 Rcb8 29. Bb5 Rxb6 30. Rxa4 Rxa4 31. Bxa4 b2 32. f3 g5 33. Kf2 Rb4
34. Bc6 Kg7 35. Ke2 Kf6 36. Kd2 Ke5 37. Kc2 Kd4 38. Rxb2 Rxb2+ 39. Kxb2 Ke3 40.
Kc3 Kf2 41. Bd7 Kxg2 42. Bg4 Kxh2 43. Kc4 Kg3 44. Kb5 Kf4 45. Kc6 Ke5 46. Bh5
f5 47. Bf7 g4 48. fxg4 fxg4 49. Bh5 g3 50. Bf3 h5 51. Bg2 h4 52. Bh3 Kf4 53.
Kxd6 Kf3 54. Ke5 g2 55. Bxg2+ Kxg2 56. d6 h3 57. d7 h2 58. d8=Q h1=Q 59. Qd2+
Kg1 60. Qd1+ Kh2 61. Qh5+ Kg1 1/2-1/2

[Event "Youth Classic 2016 - Juniors Open U18"]
[Site "Hasselgrundhalle - Bad Soden a"]
[Date "2016.10.03"]
[Round "8.4"]
[White "Diener, Carolin Valeria"]
[Black "Lange, Lars"]
[Result "1/2-1/2"]
[WhiteElo "1692"]
[BlackElo "1731"]
[PlyCount "83"]
[EventDate "2016.??.??"]
[WhiteTeam "SK Bad Homburg"]
[BlackTeam "Sfr. Kelkheim"]

1. e4 c5 2. Nc3 Nc6 3. Bb5 Nd4 4. Bc4 g6 5. Nge2 Bg7 6. O-O e6 7. d3 Ne7 8.
Nxd4 cxd4 9. Ne2 d5 10. Bb3 dxe4 11. dxe4 O-O 12. Qd3 Nc6 13. Bd2 Qe7 14. Rad1
Rd8 15. f4 Bd7 16. Ng3 Be8 17. Qf3 d3 18. c3 Na5 19. Bc1 Bb5 20. Rf2 Nxb3 21.
axb3 a5 22. e5 a4 23. b4 Bc4 24. Qe3 Qc7 25. Ne4 b6 26. Nd6 b5 27. Ne4 Rd5 28.
Nc5 Rad8 29. Rf3 Bf8 30. Ne4 Be7 31. Rh3 R8d7 32. Nf2 Qa7 33. Qxa7 Rxa7 34. Ne4
Rad7 35. Be3 d2 36. Rxd2 Rxd2 37. Nxd2 f6 38. Bd4 fxe5 39. fxe5 Bg5 40. Ne4 Be7
41. Rf3 Bd5 42. Nf6+ 1/2-1/2

[Event "Youth Classic 2016 - Juniors Open U18"]
[Site "Hasselgrundhalle - Bad Soden a"]
[Date "2016.10.03"]
[Round "8.6"]
[White "Scheithauer, Dominik"]
[Black "Schwarz, Matthias"]
[Result "0-1"]
[WhiteElo "1153"]
[BlackElo "1609"]
[PlyCount "114"]
[EventDate "2016.??.??"]
[WhiteTeam "Sfr. Kelkheim"]
[BlackTeam "SG Idstein"]

1. d4 Nf6 2. c4 e6 3. Nf3 b6 4. e3 Ba6 5. a3 Be7 6. Nbd2 Bb7 7. Be2 O-O 8. O-O
c5 9. Qc2 d5 10. b3 Nbd7 11. Bb2 Rc8 12. b4 cxd4 13. Bxd4 dxc4 14. Qc3 Nd5 15.
Qc2 Bf6 16. Bxf6 N7xf6 17. Rfd1 Qc7 18. Nb1 b5 19. Nc3 Nxc3 20. Qxc3 Nd5 21.
Qc2 Rfd8 22. Nd4 a6 23. Bf3 Nf6 24. Bxb7 Qxb7 25. Ne2 Qe4 26. Qb2 Qb7 27. Nc3
Ne4 28. Ne2 Rxd1+ 29. Rxd1 Qc7 30. Qd4 Nf6 31. Nc3 h6 32. Qd6 Qc6 33. f3 Ne8
34. Qe7 Nf6 35. Rd6 Qa8 36. Rd4 Nd5 37. Nxd5 exd5 38. Qd6 c3 39. Rxd5 c2 40.
Rc5 c1=Q+ 41. Rxc1 Rxc1+ 42. Kf2 Rc2+ 43. Kg3 Qc8 44. Qd3 Qc7+ 45. f4 Rc3 46.
Qe4 Qc6 47. Qe5 Qg6+ 48. Kf3 Qc6+ 49. Kg3 Rc2 50. Qb8+ Kh7 51. Kh4 g5+ 52. fxg5
hxg5+ 53. Kxg5 Rxg2+ 54. Kf5 Qe6+ 55. Kf4 Rf2+ 56. Kg3 Qxe3+ 57. Kg4 f5+ 0-1